000 00918nam a2200289 i 4500
003 DO-SdBNP
005 20240801150300.0
007 ta
008 240719e2001 sp ||||| d||| 00| 0 spa d
020 _a8423968146 (O. C.)
020 _a8423968235 (Tomo I)
020 _a8423968243 (Tomo II)
040 _aDO-SdBNP
_bspa
_cBNPHU
_erda
082 4 _a463
_bR288d 2001
_222
245 1 0 _aDiccionario de la lengua española.
250 _aVigésima segunda edición.
264 4 _aMadrid, España :
_bReal Academia Española,
_c©2001
300 _a2 volúmenes ;
_c20 cm.
336 _2rdacontent
_atexto
_btxt
337 _2rdamedia
_asin mediación
_bn
338 _2rdacarrier
_avolumen
_bnc
590 _aInventariado 2024 / MF
650 4 _aDiccionarios
_xEspañol
_942824
650 4 _aEspañol
_xEtimología
_xDiccionarios
_912078
651 4 _aEnciclopedias y Diccionarios Españoles
_964080
942 _2ddc
_cLBS1
999 _c57320
_d57320